Central Library OPAC University of Rajshahi

Strindberg : (Record no. 24772)

MARC details
000 -LEADER
fixed length control field 00892nam a22002532a 4500
001 - CONTROL NUMBER
control field 24772
003 - CONTROL NUMBER IDENTIFIER
rucl marc code BD-RjUL
005 - DATE AND TIME OF LATEST TRANSACTION
control field 20211209001109.0
008 - FIXED-LENGTH DATA ELEMENTS--GENERAL INFORMATION
fixed length control field 140315s1965 xx rb 001 0 eng d
035 ## - SYSTEM CONTROL NUMBER
System control number (BD-RjUL)24841
-- OCLC ocm32753469 from D960426M
040 ## - CATALOGING SOURCE
Original cataloging agency NJG
Transcribing agency NJG
Modifying agency EQO
-- BD-RjUL
Language of cataloging eng
041 ## - LANGUAGE CODE
Language code of text/sound track or separate title eng
082 04 - DEWEY DECIMAL CLASSIFICATION NUMBER
Classification number 928.397
Author mark and year MOS 1965
100 1# - MAIN ENTRY--PERSONAL NAME
Personal name Mortensen, Brita M. E.
Fuller form of name (Brita Maud Ellen)
9 (RLIN) 76258
245 10 - TITLE STATEMENT
Title Strindberg :
Remainder of title an introduction to his life and work /
Statement of responsibility, etc. by Brita M.E. Mortensen and Brian W. Downs.
250 ## - EDITION STATEMENT
Edition statement 1st pbk. ed.
260 ## - PUBLICATION, DISTRIBUTION, ETC. (IMPRINT)
Place of publication, distribution, etc. Cambridge [England] :
Name of publisher, distributor, etc. University Press,
Date of publication, distribution, etc. 1965.
300 ## - PHYSICAL DESCRIPTION
Pagination xi, 233 p. ;
Size 20 cm.
504 ## - BIBLIOGRAPHY, ETC. NOTE
Bibliography, etc Bibliography: p. 224-226 and index.
600 10 - SUBJECT ADDED ENTRY--PERSONAL NAME
Personal name Strindberg, August,
Dates associated with a name 1849-1912.
700 1# - ADDED ENTRY--PERSONAL NAME
Personal name Downs, Brian Westerdale,
Dates associated with a name 1893-
710 2# - ADDED ENTRY--CORPORATE NAME
Corporate name or jurisdiction name as entry element University Microfilms International.
9 (RLIN) 76259
942 ## - ADDED ENTRY ELEMENTS (KOHA)
Source of classification or shelving scheme Dewey Decimal Classification
Koha item type Books
Holdings
Lost status Source of classification or shelving scheme Damaged status Not for loan Collection code Permanent Location Current Location Shelving location Date acquired Source of acquisition Cost, normal purchase price Total Checkouts Full call number Date last seen Copy number Koha item type
  Dewey Decimal Classification   Added to bundle Non-fiction Central Library, University of Rajshahi Central Library, University of Rajshahi Reading Room 06/03/1973 Blackwell. 0.47   928.397 MOS 1965 15/03/2014 C-1 Books